| 000 | 00682nam a2200193Ia 4500 | ||
|---|---|---|---|
| 008 | 140529s9999 xx 000 0 und d | ||
| 020 | _a9780071746267 | ||
| 050 |
_aRM 263 _b.P56 2011 |
||
| 245 |
_aPharmacotheraphy casebook : _ba patient-focused approach / _cedited by Terry L. Schwinghammer, Julia M. Koehler |
||
| 250 | _a8th ed. | ||
| 260 |
_aNew York : _bMcGraw-Hill, Medical, _cc2011. |
||
| 300 |
_a450 p. : _bill. ; _c28 cm. |
||
| 500 | _aIncludes bibliographical references and index. | ||
| 650 |
_aDisease management _xCase reports. |
||
| 650 |
_aDrug therapy _xCase reports. |
||
| 650 |
_aDrug therapy _xExamination questions. |
||
| 942 |
_kFOR _cBK |
||
| 999 |
_c117575 _d117575 |
||